<?xml version="1.0" encoding="UTF-8"?>
<record
    xmlns:xsi="http://www.w3.org/2001/XMLSchema-instance"
    xsi:schemaLocation="http://www.loc.gov/MARC21/slim http://www.loc.gov/standards/marcxml/schema/MARC21slim.xsd"
    xmlns="http://www.loc.gov/MARC21/slim">

  <leader>00977cas a2200265 i 4500</leader>
  <controlfield tag="001">000037521</controlfield>
  <controlfield tag="005">20260212101658.0</controlfield>
  <controlfield tag="008">120423c20039999dr ur1p dd    0    0spa d</controlfield>
  <datafield tag="022" ind1=" " ind2=" ">
    <subfield code="a">1812-1780</subfield>
  </datafield>
  <datafield tag="040" ind1=" " ind2=" ">
    <subfield code="a">DO-SdBNP</subfield>
    <subfield code="b">spa</subfield>
    <subfield code="c">BNPHU</subfield>
    <subfield code="e">rda</subfield>
  </datafield>
  <datafield tag="041" ind1=" " ind2=" ">
    <subfield code="h">spa</subfield>
  </datafield>
  <datafield tag="043" ind1=" " ind2=" ">
    <subfield code="a">nwdr</subfield>
  </datafield>
  <datafield tag="245" ind1="0" ind2="0">
    <subfield code="a">Ciencia y humanismo.</subfield>
  </datafield>
  <datafield tag="264" ind1=" " ind2=" ">
    <subfield code="a">San Francisco de Macor&#xED;s, Rep&#xFA;blica Dominicana :</subfield>
    <subfield code="b">Universidad Cat&#xF3;lica Nordestana (UCNE),</subfield>
    <subfield code="c">2003.</subfield>
  </datafield>
  <datafield tag="300" ind1=" " ind2=" ">
    <subfield code="a">volumen :</subfield>
    <subfield code="b">ilustraciones, fotograf&#xED;as, gr&#xE1;ficas, mapas ;</subfield>
    <subfield code="c">29 cm.</subfield>
  </datafield>
  <datafield tag="310" ind1=" " ind2=" ">
    <subfield code="a">Desconocido.</subfield>
  </datafield>
  <datafield tag="336" ind1=" " ind2=" ">
    <subfield code="a">texto</subfield>
    <subfield code="b">txt</subfield>
    <subfield code="2">rdacontent</subfield>
  </datafield>
  <datafield tag="337" ind1=" " ind2=" ">
    <subfield code="a">sin mediaci&#xF3;n </subfield>
    <subfield code="b">n</subfield>
    <subfield code="2">rdamedia</subfield>
  </datafield>
  <datafield tag="338" ind1=" " ind2=" ">
    <subfield code="a">volumen</subfield>
    <subfield code="b">nc</subfield>
    <subfield code="2">rdacarrier</subfield>
  </datafield>
  <datafield tag="362" ind1="1" ind2=" ">
    <subfield code="a">A&#xF1;o 1. no. 1: (octubre 2003).</subfield>
  </datafield>
  <datafield tag="500" ind1=" " ind2=" ">
    <subfield code="a">Catalogaci&#xF3;n basada en: A&#xF1;o 1. no. 1: (octubre 2003).</subfield>
  </datafield>
  <datafield tag="650" ind1=" " ind2="0">
    <subfield code="a">Ciencias sociales</subfield>
    <subfield code="v">Publicaciones peri&#xF3;dicas</subfield>
    <subfield code="z">Rep&#xFA;blica Dominicana</subfield>
    <subfield code="9">63977</subfield>
  </datafield>
  <datafield tag="650" ind1=" " ind2="0">
    <subfield code="a">Humanismo</subfield>
    <subfield code="v">Publicaciones peri&#xF3;dicas</subfield>
    <subfield code="z">Rep&#xFA;blica Dominicana</subfield>
    <subfield code="9">33685</subfield>
  </datafield>
  <datafield tag="942" ind1=" " ind2=" ">
    <subfield code="2">ddc</subfield>
    <subfield code="c">ISSUE</subfield>
  </datafield>
  <datafield tag="952" ind1=" " ind2=" ">
    <subfield code="0">0</subfield>
    <subfield code="1">0</subfield>
    <subfield code="2">ddc</subfield>
    <subfield code="4">0</subfield>
    <subfield code="5">6</subfield>
    <subfield code="7">0</subfield>
    <subfield code="8">SE</subfield>
    <subfield code="a">BNPHU</subfield>
    <subfield code="b">BNPHU</subfield>
    <subfield code="d">2026-02-12</subfield>
    <subfield code="h">A&#xF1;o 1. no. 1: (octubre 2003)</subfield>
    <subfield code="l">0</subfield>
    <subfield code="p">2026-1015</subfield>
    <subfield code="r">2026-02-12</subfield>
    <subfield code="t">e.1</subfield>
    <subfield code="w">2026-02-12</subfield>
    <subfield code="y">ISSUE</subfield>
  </datafield>
  <datafield tag="952" ind1=" " ind2=" ">
    <subfield code="0">0</subfield>
    <subfield code="1">0</subfield>
    <subfield code="2">ddc</subfield>
    <subfield code="4">0</subfield>
    <subfield code="5">6</subfield>
    <subfield code="7">0</subfield>
    <subfield code="8">SE</subfield>
    <subfield code="a">BNPHU</subfield>
    <subfield code="b">BNPHU</subfield>
    <subfield code="d">2026-02-12</subfield>
    <subfield code="h">A&#xF1;o 1. no. 1: (octubre 2003)</subfield>
    <subfield code="l">0</subfield>
    <subfield code="p">2026-1016</subfield>
    <subfield code="r">2026-02-12</subfield>
    <subfield code="t">e.2</subfield>
    <subfield code="w">2026-02-12</subfield>
    <subfield code="y">ISSUE</subfield>
  </datafield>
  <datafield tag="952" ind1=" " ind2=" ">
    <subfield code="0">0</subfield>
    <subfield code="1">0</subfield>
    <subfield code="2">ddc</subfield>
    <subfield code="4">0</subfield>
    <subfield code="5">6</subfield>
    <subfield code="7">0</subfield>
    <subfield code="8">SE</subfield>
    <subfield code="a">BNPHU</subfield>
    <subfield code="b">BNPHU</subfield>
    <subfield code="d">2026-02-12</subfield>
    <subfield code="h">A&#xF1;o 1. no. 1: (octubre 2003)</subfield>
    <subfield code="l">0</subfield>
    <subfield code="p">2026-1017</subfield>
    <subfield code="r">2026-02-12</subfield>
    <subfield code="t">e.3</subfield>
    <subfield code="w">2026-02-12</subfield>
    <subfield code="y">ISSUE</subfield>
  </datafield>
  <datafield tag="952" ind1=" " ind2=" ">
    <subfield code="0">0</subfield>
    <subfield code="1">0</subfield>
    <subfield code="2">ddc</subfield>
    <subfield code="4">0</subfield>
    <subfield code="5">6</subfield>
    <subfield code="7">0</subfield>
    <subfield code="8">SE</subfield>
    <subfield code="a">BNPHU</subfield>
    <subfield code="b">BNPHU</subfield>
    <subfield code="d">2026-02-12</subfield>
    <subfield code="h">A&#xF1;o 2. no. 1: (marzo 2004)</subfield>
    <subfield code="l">0</subfield>
    <subfield code="p">2026-1018</subfield>
    <subfield code="r">2026-02-12</subfield>
    <subfield code="t">e.1</subfield>
    <subfield code="w">2026-02-12</subfield>
    <subfield code="y">ISSUE</subfield>
  </datafield>
  <datafield tag="952" ind1=" " ind2=" ">
    <subfield code="0">0</subfield>
    <subfield code="1">0</subfield>
    <subfield code="2">ddc</subfield>
    <subfield code="4">0</subfield>
    <subfield code="5">6</subfield>
    <subfield code="7">0</subfield>
    <subfield code="8">SE</subfield>
    <subfield code="a">BNPHU</subfield>
    <subfield code="b">BNPHU</subfield>
    <subfield code="d">2026-02-12</subfield>
    <subfield code="h">A&#xF1;o 2. no. 1: (marzo 2004)</subfield>
    <subfield code="l">0</subfield>
    <subfield code="p">2026-1019</subfield>
    <subfield code="r">2026-02-12</subfield>
    <subfield code="t">e.2</subfield>
    <subfield code="w">2026-02-12</subfield>
    <subfield code="y">ISSUE</subfield>
  </datafield>
  <datafield tag="952" ind1=" " ind2=" ">
    <subfield code="0">0</subfield>
    <subfield code="1">0</subfield>
    <subfield code="2">ddc</subfield>
    <subfield code="4">0</subfield>
    <subfield code="5">6</subfield>
    <subfield code="7">0</subfield>
    <subfield code="8">SE</subfield>
    <subfield code="a">BNPHU</subfield>
    <subfield code="b">BNPHU</subfield>
    <subfield code="d">2026-02-12</subfield>
    <subfield code="h">A&#xF1;o 3. no. 1: (marzo 2005)</subfield>
    <subfield code="l">0</subfield>
    <subfield code="p">2026-1021</subfield>
    <subfield code="r">2026-02-12</subfield>
    <subfield code="t">e.1</subfield>
    <subfield code="w">2026-02-12</subfield>
    <subfield code="y">ISSUE</subfield>
  </datafield>
  <datafield tag="952" ind1=" " ind2=" ">
    <subfield code="0">0</subfield>
    <subfield code="1">0</subfield>
    <subfield code="2">ddc</subfield>
    <subfield code="4">0</subfield>
    <subfield code="5">6</subfield>
    <subfield code="7">0</subfield>
    <subfield code="8">SE</subfield>
    <subfield code="a">BNPHU</subfield>
    <subfield code="b">BNPHU</subfield>
    <subfield code="d">2026-02-12</subfield>
    <subfield code="h">A&#xF1;o 3. no. 1: (marzo 2005)</subfield>
    <subfield code="l">0</subfield>
    <subfield code="p">2026-1022</subfield>
    <subfield code="r">2026-02-12</subfield>
    <subfield code="t">e.2</subfield>
    <subfield code="w">2026-02-12</subfield>
    <subfield code="y">ISSUE</subfield>
  </datafield>
  <datafield tag="952" ind1=" " ind2=" ">
    <subfield code="0">0</subfield>
    <subfield code="1">0</subfield>
    <subfield code="2">ddc</subfield>
    <subfield code="4">0</subfield>
    <subfield code="5">6</subfield>
    <subfield code="7">0</subfield>
    <subfield code="8">SE</subfield>
    <subfield code="a">BNPHU</subfield>
    <subfield code="b">BNPHU</subfield>
    <subfield code="d">2026-02-12</subfield>
    <subfield code="h">A&#xF1;o 4. no. 1: (diciembre 2006)</subfield>
    <subfield code="l">0</subfield>
    <subfield code="p">2026-1023</subfield>
    <subfield code="r">2026-02-12</subfield>
    <subfield code="t">e.1</subfield>
    <subfield code="w">2026-02-12</subfield>
    <subfield code="y">ISSUE</subfield>
  </datafield>
  <datafield tag="952" ind1=" " ind2=" ">
    <subfield code="0">0</subfield>
    <subfield code="1">0</subfield>
    <subfield code="2">ddc</subfield>
    <subfield code="4">0</subfield>
    <subfield code="5">6</subfield>
    <subfield code="7">0</subfield>
    <subfield code="8">SE</subfield>
    <subfield code="a">BNPHU</subfield>
    <subfield code="b">BNPHU</subfield>
    <subfield code="d">2026-02-12</subfield>
    <subfield code="h">A&#xF1;o 4. no. 1: (diciembre 2006)</subfield>
    <subfield code="l">0</subfield>
    <subfield code="p">2026-1024</subfield>
    <subfield code="r">2026-02-12</subfield>
    <subfield code="t">e.2</subfield>
    <subfield code="w">2026-02-12</subfield>
    <subfield code="y">ISSUE</subfield>
  </datafield>
  <datafield tag="952" ind1=" " ind2=" ">
    <subfield code="0">0</subfield>
    <subfield code="1">0</subfield>
    <subfield code="2">ddc</subfield>
    <subfield code="4">0</subfield>
    <subfield code="5">6</subfield>
    <subfield code="7">0</subfield>
    <subfield code="8">SE</subfield>
    <subfield code="a">BNPHU</subfield>
    <subfield code="b">BNPHU</subfield>
    <subfield code="d">2026-02-12</subfield>
    <subfield code="h">A&#xF1;o 4. no. 1: (diciembre 2006)</subfield>
    <subfield code="l">0</subfield>
    <subfield code="p">2026-1025</subfield>
    <subfield code="r">2026-02-12</subfield>
    <subfield code="t">e.3</subfield>
    <subfield code="w">2026-02-12</subfield>
    <subfield code="y">ISSUE</subfield>
  </datafield>
  <datafield tag="952" ind1=" " ind2=" ">
    <subfield code="0">0</subfield>
    <subfield code="1">0</subfield>
    <subfield code="2">ddc</subfield>
    <subfield code="4">0</subfield>
    <subfield code="5">6</subfield>
    <subfield code="7">0</subfield>
    <subfield code="8">SE</subfield>
    <subfield code="a">BNPHU</subfield>
    <subfield code="b">BNPHU</subfield>
    <subfield code="d">2026-02-12</subfield>
    <subfield code="h">A&#xF1;o 5. no. 1: (julio 2008)</subfield>
    <subfield code="l">0</subfield>
    <subfield code="p">2026-1027</subfield>
    <subfield code="r">2026-02-12</subfield>
    <subfield code="t">e.1</subfield>
    <subfield code="w">2026-02-12</subfield>
    <subfield code="y">ISSUE</subfield>
  </datafield>
  <datafield tag="952" ind1=" " ind2=" ">
    <subfield code="0">0</subfield>
    <subfield code="1">0</subfield>
    <subfield code="2">ddc</subfield>
    <subfield code="4">0</subfield>
    <subfield code="5">6</subfield>
    <subfield code="7">0</subfield>
    <subfield code="8">SE</subfield>
    <subfield code="a">BNPHU</subfield>
    <subfield code="b">BNPHU</subfield>
    <subfield code="d">2026-02-12</subfield>
    <subfield code="h">A&#xF1;o 5. no. 1: (julio 2008)</subfield>
    <subfield code="l">0</subfield>
    <subfield code="p">2026-1028</subfield>
    <subfield code="r">2026-02-12</subfield>
    <subfield code="t">e.2</subfield>
    <subfield code="w">2026-02-12</subfield>
    <subfield code="y">ISSUE</subfield>
  </datafield>
  <datafield tag="952" ind1=" " ind2=" ">
    <subfield code="0">0</subfield>
    <subfield code="1">0</subfield>
    <subfield code="2">ddc</subfield>
    <subfield code="4">0</subfield>
    <subfield code="5">6</subfield>
    <subfield code="7">0</subfield>
    <subfield code="8">SE</subfield>
    <subfield code="a">BNPHU</subfield>
    <subfield code="b">BNPHU</subfield>
    <subfield code="d">2026-02-12</subfield>
    <subfield code="h">A&#xF1;o 6. no. 1: (septiembre 2011)</subfield>
    <subfield code="l">0</subfield>
    <subfield code="p">2026-1029</subfield>
    <subfield code="r">2026-02-12</subfield>
    <subfield code="t">e.1</subfield>
    <subfield code="w">2026-02-12</subfield>
    <subfield code="y">ISSUE</subfield>
  </datafield>
  <datafield tag="952" ind1=" " ind2=" ">
    <subfield code="0">0</subfield>
    <subfield code="1">0</subfield>
    <subfield code="2">ddc</subfield>
    <subfield code="4">0</subfield>
    <subfield code="5">6</subfield>
    <subfield code="7">0</subfield>
    <subfield code="8">SE</subfield>
    <subfield code="a">BNPHU</subfield>
    <subfield code="b">BNPHU</subfield>
    <subfield code="d">2026-02-12</subfield>
    <subfield code="h">A&#xF1;o 6. no. 1: (septiembre 2011)</subfield>
    <subfield code="l">0</subfield>
    <subfield code="p">2026-1030</subfield>
    <subfield code="r">2026-02-12</subfield>
    <subfield code="t">e.2</subfield>
    <subfield code="w">2026-02-12</subfield>
    <subfield code="y">ISSUE</subfield>
  </datafield>
  <datafield tag="952" ind1=" " ind2=" ">
    <subfield code="0">0</subfield>
    <subfield code="1">0</subfield>
    <subfield code="2">ddc</subfield>
    <subfield code="4">0</subfield>
    <subfield code="5">6</subfield>
    <subfield code="7">0</subfield>
    <subfield code="8">SE</subfield>
    <subfield code="a">BNPHU</subfield>
    <subfield code="b">BNPHU</subfield>
    <subfield code="d">2026-02-12</subfield>
    <subfield code="h">A&#xF1;o 7. no. 1: (octubre 2014)</subfield>
    <subfield code="l">0</subfield>
    <subfield code="p">2026-1031</subfield>
    <subfield code="r">2026-02-12</subfield>
    <subfield code="t">e.1</subfield>
    <subfield code="w">2026-02-12</subfield>
    <subfield code="y">ISSUE</subfield>
  </datafield>
  <datafield tag="952" ind1=" " ind2=" ">
    <subfield code="0">0</subfield>
    <subfield code="1">0</subfield>
    <subfield code="2">ddc</subfield>
    <subfield code="4">0</subfield>
    <subfield code="5">6</subfield>
    <subfield code="7">0</subfield>
    <subfield code="8">SE</subfield>
    <subfield code="a">BNPHU</subfield>
    <subfield code="b">BNPHU</subfield>
    <subfield code="d">2026-02-12</subfield>
    <subfield code="h">A&#xF1;o 7. no. 1: (octubre 2014)</subfield>
    <subfield code="l">0</subfield>
    <subfield code="p">2026-1032</subfield>
    <subfield code="r">2026-02-12</subfield>
    <subfield code="t">e.2</subfield>
    <subfield code="w">2026-02-12</subfield>
    <subfield code="y">ISSUE</subfield>
  </datafield>
  <datafield tag="952" ind1=" " ind2=" ">
    <subfield code="0">0</subfield>
    <subfield code="1">0</subfield>
    <subfield code="2">ddc</subfield>
    <subfield code="4">0</subfield>
    <subfield code="5">6</subfield>
    <subfield code="7">0</subfield>
    <subfield code="8">SE</subfield>
    <subfield code="a">BNPHU</subfield>
    <subfield code="b">BNPHU</subfield>
    <subfield code="d">2026-02-12</subfield>
    <subfield code="h">A&#xF1;o 8. no. 1: (octubre 2015)</subfield>
    <subfield code="l">0</subfield>
    <subfield code="p">2026-1033</subfield>
    <subfield code="r">2026-02-12</subfield>
    <subfield code="t">e.1</subfield>
    <subfield code="w">2026-02-12</subfield>
    <subfield code="y">ISSUE</subfield>
  </datafield>
  <datafield tag="952" ind1=" " ind2=" ">
    <subfield code="0">0</subfield>
    <subfield code="1">0</subfield>
    <subfield code="2">ddc</subfield>
    <subfield code="4">0</subfield>
    <subfield code="5">6</subfield>
    <subfield code="7">0</subfield>
    <subfield code="8">SE</subfield>
    <subfield code="a">BNPHU</subfield>
    <subfield code="b">BNPHU</subfield>
    <subfield code="d">2026-02-12</subfield>
    <subfield code="h">A&#xF1;o 8. no. 1: (octubre 2015)</subfield>
    <subfield code="l">0</subfield>
    <subfield code="p">2026-1034</subfield>
    <subfield code="r">2026-02-12</subfield>
    <subfield code="t">e.2</subfield>
    <subfield code="w">2026-02-12</subfield>
    <subfield code="y">ISSUE</subfield>
  </datafield>
  <datafield tag="952" ind1=" " ind2=" ">
    <subfield code="0">0</subfield>
    <subfield code="1">0</subfield>
    <subfield code="2">ddc</subfield>
    <subfield code="4">0</subfield>
    <subfield code="5">6</subfield>
    <subfield code="7">0</subfield>
    <subfield code="8">SE</subfield>
    <subfield code="a">BNPHU</subfield>
    <subfield code="b">BNPHU</subfield>
    <subfield code="d">2026-02-12</subfield>
    <subfield code="h">A&#xF1;o 9. no. 1: (octubre 2016)</subfield>
    <subfield code="l">0</subfield>
    <subfield code="p">2026-1035</subfield>
    <subfield code="r">2026-02-12</subfield>
    <subfield code="t">e.1</subfield>
    <subfield code="w">2026-02-12</subfield>
    <subfield code="y">ISSUE</subfield>
  </datafield>
  <datafield tag="952" ind1=" " ind2=" ">
    <subfield code="0">0</subfield>
    <subfield code="1">0</subfield>
    <subfield code="2">ddc</subfield>
    <subfield code="4">0</subfield>
    <subfield code="5">6</subfield>
    <subfield code="7">0</subfield>
    <subfield code="8">SE</subfield>
    <subfield code="a">BNPHU</subfield>
    <subfield code="b">BNPHU</subfield>
    <subfield code="d">2026-02-12</subfield>
    <subfield code="h">A&#xF1;o 9. no. 1: (octubre 2016)</subfield>
    <subfield code="l">0</subfield>
    <subfield code="p">2026-1036</subfield>
    <subfield code="r">2026-02-12</subfield>
    <subfield code="t">e.2</subfield>
    <subfield code="w">2026-02-12</subfield>
    <subfield code="y">ISSUE</subfield>
  </datafield>
  <datafield tag="952" ind1=" " ind2=" ">
    <subfield code="0">0</subfield>
    <subfield code="1">0</subfield>
    <subfield code="2">ddc</subfield>
    <subfield code="4">0</subfield>
    <subfield code="5">6</subfield>
    <subfield code="7">0</subfield>
    <subfield code="8">SE</subfield>
    <subfield code="a">BNPHU</subfield>
    <subfield code="b">BNPHU</subfield>
    <subfield code="d">2026-02-12</subfield>
    <subfield code="h">A&#xF1;o 10. no. 1: (octubre 2017)	</subfield>
    <subfield code="l">0</subfield>
    <subfield code="p">2026-1057</subfield>
    <subfield code="r">2026-02-12</subfield>
    <subfield code="t">e.1</subfield>
    <subfield code="w">2026-02-12</subfield>
    <subfield code="y">ISSUE</subfield>
  </datafield>
  <datafield tag="952" ind1=" " ind2=" ">
    <subfield code="0">0</subfield>
    <subfield code="1">0</subfield>
    <subfield code="2">ddc</subfield>
    <subfield code="4">0</subfield>
    <subfield code="5">6</subfield>
    <subfield code="7">0</subfield>
    <subfield code="8">SE</subfield>
    <subfield code="a">BNPHU</subfield>
    <subfield code="b">BNPHU</subfield>
    <subfield code="d">2026-02-12</subfield>
    <subfield code="h">A&#xF1;o 10. no. 1: (octubre 2017)	</subfield>
    <subfield code="l">0</subfield>
    <subfield code="p">2026-1058</subfield>
    <subfield code="r">2026-02-12</subfield>
    <subfield code="t">e.2</subfield>
    <subfield code="w">2026-02-12</subfield>
    <subfield code="y">ISSUE</subfield>
  </datafield>
  <datafield tag="952" ind1=" " ind2=" ">
    <subfield code="0">0</subfield>
    <subfield code="1">0</subfield>
    <subfield code="2">ddc</subfield>
    <subfield code="4">0</subfield>
    <subfield code="5">6</subfield>
    <subfield code="7">0</subfield>
    <subfield code="8">SE</subfield>
    <subfield code="a">BNPHU</subfield>
    <subfield code="b">BNPHU</subfield>
    <subfield code="d">2026-02-12</subfield>
    <subfield code="h">A&#xF1;o 11. no. 1: (octubre 2018)	</subfield>
    <subfield code="l">0</subfield>
    <subfield code="p">2026-1059</subfield>
    <subfield code="r">2026-02-12</subfield>
    <subfield code="t">e.1</subfield>
    <subfield code="w">2026-02-12</subfield>
    <subfield code="y">ISSUE</subfield>
  </datafield>
  <datafield tag="952" ind1=" " ind2=" ">
    <subfield code="0">0</subfield>
    <subfield code="1">0</subfield>
    <subfield code="2">ddc</subfield>
    <subfield code="4">0</subfield>
    <subfield code="5">6</subfield>
    <subfield code="7">0</subfield>
    <subfield code="8">SE</subfield>
    <subfield code="a">BNPHU</subfield>
    <subfield code="b">BNPHU</subfield>
    <subfield code="d">2026-02-12</subfield>
    <subfield code="h">A&#xF1;o 11. no. 1: (octubre 2018)	</subfield>
    <subfield code="l">0</subfield>
    <subfield code="p">2026-1060</subfield>
    <subfield code="r">2026-02-12</subfield>
    <subfield code="t">e.2</subfield>
    <subfield code="w">2026-02-12</subfield>
    <subfield code="y">ISSUE</subfield>
  </datafield>
  <datafield tag="952" ind1=" " ind2=" ">
    <subfield code="0">0</subfield>
    <subfield code="1">0</subfield>
    <subfield code="2">ddc</subfield>
    <subfield code="4">0</subfield>
    <subfield code="5">6</subfield>
    <subfield code="7">0</subfield>
    <subfield code="8">SE</subfield>
    <subfield code="a">BNPHU</subfield>
    <subfield code="b">BNPHU</subfield>
    <subfield code="d">2026-02-12</subfield>
    <subfield code="h">A&#xF1;o 12. no. 1: (octubre 2019)	</subfield>
    <subfield code="l">0</subfield>
    <subfield code="p">2026-1061</subfield>
    <subfield code="r">2026-02-12</subfield>
    <subfield code="t">e.1</subfield>
    <subfield code="w">2026-02-12</subfield>
    <subfield code="y">ISSUE</subfield>
  </datafield>
  <datafield tag="952" ind1=" " ind2=" ">
    <subfield code="0">0</subfield>
    <subfield code="1">0</subfield>
    <subfield code="2">ddc</subfield>
    <subfield code="4">0</subfield>
    <subfield code="5">6</subfield>
    <subfield code="7">0</subfield>
    <subfield code="8">SE</subfield>
    <subfield code="a">BNPHU</subfield>
    <subfield code="b">BNPHU</subfield>
    <subfield code="d">2026-02-12</subfield>
    <subfield code="h">A&#xF1;o 12. no. 1: (octubre 2019)	</subfield>
    <subfield code="l">0</subfield>
    <subfield code="p">2026-1062</subfield>
    <subfield code="r">2026-02-12</subfield>
    <subfield code="t">e.2</subfield>
    <subfield code="w">2026-02-12</subfield>
    <subfield code="y">ISSUE</subfield>
  </datafield>
  <datafield tag="999" ind1=" " ind2=" ">
    <subfield code="c">37011</subfield>
    <subfield code="d">37011</subfield>
  </datafield>
</record>
